|
|
|
|
| LEADER |
00000nam0a2200000 4500 |
| 001 |
151142 |
| 005 |
20231031150406.0 |
| 035 |
|
|
|a (RuTPU)RU\TPU\book\163876
|
| 090 |
|
|
|a 151142
|
| 100 |
|
|
|a 20090120d1985 e y0rusy50 ca
|
| 101 |
0 |
|
|a rus
|
| 102 |
|
|
|a RU
|
| 105 |
|
|
|a a z 001zy
|
| 200 |
1 |
|
|a М. В. Ломоносов
|e книга для учащихся
|f В. И. Астафуров
|
| 210 |
|
|
|a Москва
|c Просвещение
|d 1985
|
| 215 |
|
|
|a 143 с.
|c ил.
|
| 225 |
1 |
|
|a Люди науки
|
| 320 |
|
|
|a Библиогр.: с. 144.
|
| 600 |
|
1 |
|a Ломоносов
|g Михаил Васильевич
|b М. В.
|c ученый-естествоиспытатель, поэт, историк, художник, деятель просвещения, науки и экономики
|f 1711-1765
|2 stltpush
|3 (RuTPU)RU\TPU\pers\975
|
| 606 |
|
|
|a Наука
|x История
|y Россия
|x Персоналии
|2 stltpush
|3 (RuTPU)RU\TPU\subj\45078
|
| 610 |
1 |
|
|a Россия
|
| 610 |
1 |
|
|a история
|
| 610 |
1 |
|
|a 18 век
|
| 610 |
1 |
|
|a химия
|
| 686 |
|
|
|a Ч213(2)Д
|v LBC/SL-A
|2 rubbk
|
| 700 |
|
1 |
|a Астафуров
|b В. И.
|g Владимир Иванович
|
| 801 |
|
1 |
|a RU
|b 63413507
|c 20090120
|g PSBO
|
| 801 |
|
2 |
|a RU
|b 63413507
|c 20180212
|g PSBO
|
| 942 |
|
|
|c BK
|